|
|
|
แสดงรายละเอียดบรรณานุกรม |
|
|
Brief Record
: Get Marc (ISO 2709)
: E-mail record
: |
|
|
| LEADER 00000nam 2200000uu 4500 | |||
| 001 13399114482 | |||
| 003 BCNR | |||
| 008 111118sมปป.||||th 000 0 tha d | |||
| 060 4 WY26.5^bพ197อ ม.ป.ป | |||
| 100 0 พนารัตน์ วิศวเทพนิมิตร | |||
| 245 10 เอกสารวิชาการเรื่อง การใช้อินเตอร์เนตสำหรับพยาบาล/^cพนารัตน์ วิศวเทพนิมิตร | |||
| 260 กรุงเทพ:^bวิทยาลัยพยาบาลบรมราชชนนี กรุงเทพ,^cม.ป.ป | |||
| 300 0032หน้า :^bตาราง ; 29 ซม. | |||
| 650 4 อินเตอร์เน็ต | |||
| 710 1 สำนักงานปลัดกระทรวง.^bสถาบันพระบรมราชชนก.^bวิทยาลัยพยาบาลบรมราชชนนี กรุงเทพ | |||
| 999 ^aบรรณารักษ์ | |||
| คุณยังไม่ได้ล็อกอิน คุณสามารถมีกิจกรรมร่วมกับเว็บไซต์ได้ แต่ต้องล็อกอินก่อน :: |
|
| สถานะ | |||||||||
| 1. | หนังสือ | WY26.5 พ197อ ม.ป.ป ฉ.1 Barcode: 030126 | ►หนังสือทั่วไป | On Shelf | |||||
| [แสดง 1/1 รายการ] | |||||||||
| รายการใกล้เคียง ผู้แต่ง [พนารัตน์ วิศวเทพนิมิตร] หัวเรื่อง [อินเตอร์เน็ต]
|
BibComment |
| คอมเมนท์ทรัพยากรรายการนี้ |
|
|